00310nam a2200133Ia 4500008004100000020001800041082001700059100001900076245003000095250000800125260002400133300001100157650000800168191201s2008 xx 000 0 und d a9788173660450 a005.133bGUC aGUELICH, Scott 0aCGI Programming with Perl a2nd aN. delhibSPDc2008 a451+22 aMCA